000 00615nam a2200229Ia 4500
003 OSt
005 20220924150234.0
006 a|||||r|||| 00| 0
007 ta
008 220923b |||||||| |||| 00| 0 tel d
024 _a332483
037 _cTextual
040 _aARTS
_cARTS
_btel
041 _2tel
_atel
082 _a035,1G00,2:g(R), L7
100 _aSastri Neelakantha Au.
_9221652
245 0 _aTikka yajva hariharanadha tatvamu
260 _c1977
650 _aTELUGU POETRY
942 _h035,1G00,2:g(R), L7
_cTEXL
_2CC
999 _c462721
_d462721